Historia de la conquista de mexico población y progresos de la america septentrional conocida por el nombre de nueva españa (Record no. 8282)
[ view plain ]
| 000 -CABECERA | |
|---|---|
| campo de control de longitud fija | 01224nam a2200289 a 4500 |
| 001 - NÚMERO DE CONTROL | |
| campo de control | BRCA_8622 |
| 005 - FECHA Y HORA DE LA ÚLTIMA TRANSACCIÓN | |
| campo de control | 20190320210340.0 |
| 008 - DATOS DE LONGITUD FIJA--INFORMACIÓN GENERAL | |
| campo de control de longitud fija | 210916s1770----sp-#######---#000-0#spa-# |
| 050 #4 - SIGNATURA TOPOGRÁFICA DE LA BIBLIOTECA DEL CONGRESO | |
| Número de clasificación | F1201 |
| Número de documento/Ítem | .S65 |
| -- | 1770 |
| 100 1# - ENTRADA PRINCIPAL--NOMBRE DE PERSONA | |
| Nombre de persona | Solis, Antonio de |
| 9 (RLIN) | 21538 |
| 245 10 - MENCIÓN DE TÍTULO | |
| Título | Historia de la conquista de mexico población y progresos de la america septentrional conocida por el nombre de nueva españa |
| Mención de responsabilidad, etc. | Antonio de Solis. |
| 260 ## - PUBLICACIÓN, DISTRIBUCIÓN, ETC. | |
| Lugar de publicación, distribución, etc. | Barcelona |
| Nombre del editor, distribuidor, etc. | Imprenta de Francisco Oliver y Martí |
| Fecha de publicación, distribución, etc. | 1770 |
| 300 ## - DESCRIPCIÓN FÍSICA | |
| Extensión | T.I, 366 p. |
| Dimensiones | 16 cm |
| 500 ## - NOTA GENERAL | |
| Nota general | Fondo antiguo |
| 500 ## - NOTA GENERAL | |
| Nota general | Se encuentra en Caja Fuerte |
| 500 ## - NOTA GENERAL | |
| Nota general | H-168 |
| 500 ## - NOTA GENERAL | |
| Nota general | Ejemplar resguardado en caja de almeja |
| 500 ## - NOTA GENERAL | |
| Nota general | Con dedicatoria: al Señor Don Carlos Segundo y al Conde Oropesa |
| 500 ## - NOTA GENERAL | |
| Nota general | Uso de viñetas al final de los capítulos |
| 500 ## - NOTA GENERAL | |
| Nota general | Incluye índice de los capítulos que se contienen en este primer tomo |
| 500 ## - NOTA GENERAL | |
| Nota general | Estado físico: el documento presenta manchas |
| 500 ## - NOTA GENERAL | |
| Nota general | Nota de encuadernación: piel pergamino con broches de piel |
| 506 0# - NOTA DE RESTRICCIONES AL ACCESO | |
| Limitaciones de acceso | Fondo reservado: para su consulta es necesario credencial de usuario y carta de motivos |
| 650 14 - PUNTO DE ACCESO ADICIONAL DE MATERIA--TÉRMINO DE MATERIA | |
| Término de materia o nombre geográfico como elemento de entrada | Historia conquista |
| Subdivisión cronológica | 1519-1540 |
| Subdivisión geográfica | México |
| 9 (RLIN) | 21539 |
| 902 ## - CATALOGADOR | |
| Iniciales | LAR |
| 942 ## - ELEMENTOS DE PUNTO DE ACCESO ADICIONAL (KOHA) | |
| Fuente del sistema de clasificación o colocación | Library of Congress Classification |
| Tipo de ítem Koha | Libros |
| Estado de retiro | Estado de pérdida | Estado dañado | No para préstamo | Localización permanente | Ubicación/localización actual | Fecha de adquisición | Número de inventario | Total de préstamos | Signatura topográfica completa | Código de barras | Fecha visto por última vez | Precio válido a partir de | Tipo de ítem Koha |
|---|---|---|---|---|---|---|---|---|---|---|---|---|---|
| El ejemplar forma parte de la colección y puede ser consultado según las políticas vigentes. | Biblioteca del Museo Franz Mayer (Rogerio Casas-Alatriste) | Biblioteca del Museo Franz Mayer (Rogerio Casas-Alatriste) | 21/09/2016 | H-168 | F1201 .S65 1770 (H-168) | LAR00125 | 22/03/2019 | 22/03/2019 | Libros |